000 00894nam a2200241 i 4500
001 185451
003 SpMaBN
005 20230906222435.0
008 160606s1999 sp a |||| |dspa d
020 _a84-8403-448-8
080 _a081:929 Leonardo da Vinci
100 1 _aLeonardo da Vinci,
_d1452-1519
_971671
245 1 0 _aCuadernos de notas /
_cLeonardo da Vinci ; traducción, José Luis Velaz.
260 _aArganda del Rey (Madrid) :
_bEDIMAT,
_c[1999]
300 _a301 p. :
_bil. ;
_c20 cm.
490 1 _aClásicos selección ;
_v27
505 8 _aContiene: ;
_tArte ;
_tLiteratura ;
_tCiencia ;
_tFilosofía
600 1 7 _aLeonardo da Vinci,
_d1452-1519-
_xCuadernos de notas, apuntes, etc.
_2
_9159787
700 1 _aVelaz, José Luis.
_9159786
830 0 _aClásicos selección ;
_v27
_9225214
852 _aES-MaACL
_jL-30335
_z- enc. cart.
999 _c185451
_d185451